Le Code international des obligations et le Projet de code franco-italien des contrats et des obligations... (Record no. 1565)

MARC details
000 -LEADER
fixed length control field 00979cam a2200313u 4500
001 - CONTROL NUMBER
control field data
005 - DATE AND TIME OF LATEST TRANSACTION
control field 20260322212106.0
008 - FIXED-LENGTH DATA ELEMENTS--GENERAL INFORMATION
fixed length control field data
035 ## - SYSTEM CONTROL NUMBER
System control number 9235329
010 ## - LIBRARY OF CONGRESS CONTROL NUMBER
LC control number 35036340
035 ## - SYSTEM CONTROL NUMBER
-- (DLC) 35036340
040 ## - CATALOGING SOURCE
Original cataloging agency DLC
Transcribing agency CarP
Modifying agency DLC
043 ## - GEOGRAPHIC AREA CODE
Geographic area code e-it---
-- e-it---
050 00 - LIBRARY OF CONGRESS CALL NUMBER
Classification number K840.A72
Item number C67 1934
100 1# - MAIN ENTRY--PERSONAL NAME
Personal name Cosentini, Francesco,
Dates associated with a name 1870-
245 13 - TITLE STATEMENT
Title Le Code international des obligations et le Projet de code franco-italien des contrats et des obligations...
260 ## - PUBLICATION, DISTRIBUTION, ETC.
Place of publication, distribution, etc. Agen,
Name of publisher, distributor, etc. Imprimerie moderne,
Date of publication, distribution, etc. 1934.
300 ## - PHYSICAL DESCRIPTION
Extent 14 p.
Dimensions 25 cm.
336 ## - CONTENT TYPE
Content type term text
Content type code txt
Source rdacontent
337 ## - MEDIA TYPE
Media type term unmediated
Media type code n
Source rdamedia
338 ## - CARRIER TYPE
Carrier type term volume
Carrier type code nc
Source rdacarrier
650 #0 - SUBJECT ADDED ENTRY--TOPICAL TERM
Topical term or geographic name entry element Contracts.
650 #0 - SUBJECT ADDED ENTRY--TOPICAL TERM
Topical term or geographic name entry element Contracts
Geographic subdivision France.
650 #0 - SUBJECT ADDED ENTRY--TOPICAL TERM
Topical term or geographic name entry element Contracts
Geographic subdivision Italy.
906 ## - LOCAL DATA ELEMENT F, LDF (RLIN)
a 0
b cbc
c premunv
d u
e ncip
f 19
g y-gencatlg
991 ## -
-- c-LL
-- LAW <General Cosen>
-- Copy 1
-- PREM
Holdings
Withdrawn status Lost status Damaged status Not for loan Home library Current library Shelving location Date acquired Total checkouts Full call number Barcode Date last seen Price effective from Koha item type
        Liberty Liberty General stacks 22/03/2026   K840.A72 LOC-LPL-00028 22/03/2026 22/03/2026 Books